Indian Cases in Organization Behaviour/ (Record no. 200741)

MARC details
000 -LEADER
fixed length control field 00765nam a22002177a 4500
005 - DATE AND TIME OF LATEST TRANSACTION
control field 20240214165131.0
010 ## - LCCN (DPL NO)
LC control number ENG-139234
020 ## - INTERNATIONAL STANDARD BOOK NUMBER
Terms of availability 299.00
International Standard Book Number 9788119847112
035 ## - SYSTEM CONTROL NUMBER
System control number EN-122766
037 ## - SOURCE OF ACQUISITION
Source of stock number/acquisition DBAD/PUB
082 ## - DEWEY DECIMAL CLASSIFICATION NUMBER
Classification number 658.1
Edition number 1
100 ## - MAIN ENTRY--PERSONAL NAME
Personal name Joy Simi
245 ## - TITLE STATEMENT
Title Indian Cases in Organization Behaviour/
Statement of responsibility, etc By Simi Joy; Payal Anand and Priya Nair Rajeev
250 ## - EDITION STATEMENT
Edition statement 1
260 ## - PUBLICATION, DISTRIBUTION, ETC. (IMPRINT)
Place of publication, distribution, etc Uttar Pradesh
Name of publisher, distributor, etc Pearson India Education Pvt Ltd
Date of publication, distribution, etc 2024
270 ## - ADDRESS
City Uttar Pradesh
Address 15th FLoor, Tower-B, World Trade Tower, Plot No.1, Block- C, Sector-16, Noida
Postal code 201301
300 ## - PHYSICAL DESCRIPTION
Extent 125p.
Dimensions 23cm(pb)
Other physical details Index
700 ## - ADDED ENTRY--PERSONAL NAME
Personal name Anand, Payal
Relator term Author
9 (RLIN) 62078
700 ## - ADDED ENTRY--PERSONAL NAME
Personal name Rajeev, Priya Nair
Relator term Author
9 (RLIN) 62079
942 ## - ADDED ENTRY ELEMENTS (KOHA)
Source of classification or shelving scheme Dewey Decimal Classification
Item type English Books
Classification part 658.1
Call number suffix JOY
Edition 1
Holdings
Withdrawn status Lost status Not for loan Collection code Home library Current library Date acquired Source of acquisition Cost, normal purchase price Full call number Barcode Copy number Cost, replacement price Koha item type
      Non-fiction Central Library Central Library 14/02/2024 DBAD 299.00 658.1 JOY EN-122766 1 299.00 English Books

© Delhi Public Library
Hit Counter
free hit counter